| 000 | 00538nam a2200169 i 4500 | ||
|---|---|---|---|
| 001 | 38028 | ||
| 003 | ES-MaACL | ||
| 005 | 20230906155701.0 | ||
| 007 | t| | ||
| 008 | 030224s1969 sp ||||1| spa d | ||
| 100 | 1 |
_aCabannes, Henri. _933150 |
|
| 245 | 1 | 0 |
_aProblemas de mecánica general / _cpor Henri Cabannes ; traducción por Luis Ibañez Morlán. |
| 260 |
_aBarcelona : _bMontaner y Simón, _c[1969] |
||
| 300 |
_aVIII, 431 p. : _bil. ; _c24 cm. |
||
| 700 | 1 |
_aIbáñez Morlán, Luis. _964937 |
|
| 852 |
_aES-MaACL _jC-37994 _bR.76595 |
||
| 999 |
_c38028 _d38028 |
||